000 00756cam a22002653a 4500
001 1542
003 PGUSA
005 20140828083003.0
008 981101s1998||||xxu|||||s|||||000 | eng d
040 _aPGUSA
_beng
042 _adc
050 4 _aPR
100 1 _aShakespeare
_q(spurious and doubtful works),
_d1564-1616
245 1 4 _aThe Two Noble Kinsmen
_h[electronic resource] /
_cShakespeare
260 _bProject Gutenberg,
_c1998
500 _aApocrypha
506 _aPublic domain in the USA.
516 _aElectronic text
653 _aKnights and knighthood -- Drama
653 _aTragicomedy
653 _aAthens (Greece) -- Drama
830 0 _aProject Gutenberg
_v1542
856 4 0 _uhttp://www.gutenberg.org/ebooks/1542
942 _cEB
999 _c230890
_d230890